Biorhythms and industrial safety (Record no. 34664)
[ view plain ]
| 000 -LEADER | |
|---|---|
| fixed length control field | 00313nam a2200121Ia 4500 |
| 082 ## - DEWEY DECIMAL CLASSIFICATION NUMBER | |
| Classification number | 614.8 |
| Item number | THU |
| 100 ## - MAIN ENTRY--AUTHOR NAME | |
| Personal name | Thumann, Albert P E |
| 245 #0 - TITLE STATEMENT | |
| Title | Biorhythms and industrial safety |
| 260 ## - PUBLICATION, DISTRIBUTION, ETC. (IMPRINT) | |
| Place of publication | Atlanta |
| Name of publisher | Fairmont |
| Year of publication | 1977 |
| 650 ## - SUBJECT ADDED ENTRY--TOPICAL TERM | |
| Topical Term | Industrial safety |
| 942 ## - ADDED ENTRY ELEMENTS (KOHA) | |
| Koha item type | Books |
| Withdrawn status | Lost status | Damaged status | Not for loan | Home library | Current library | Date acquired | Cost, normal purchase price | Full call number | Accession Number | Koha item type |
|---|---|---|---|---|---|---|---|---|---|---|
| RRII Library | RRII Library | 16/12/2021 | 22.50 | 614.8 THU | 15092 | Books |